We didn't mean to go to sea #7 / Arthur Ransome ; ... Read More
Available copies
- 1 of 1 copy available at LARL/NWRL Consortium.
- 1 of 1 copy available at Northwest Regional Library. (Show preferred library)
Current holds
0 current holds with 1 total copy.
View other formats and editions
Show Only Available Copies
| Location | Call Number / Copy Notes | Barcode | Shelving Location | Status | Due Date |
|---|---|---|---|---|---|
| Red Lake Falls Public Library | j RAN (Text) | 35500005459522 | Main | Available | - |
Record details
- ISBN: 1567924875
- ISBN: 9781567924879
- Publisher: [Place of publication not identified] : David R Godine, 2014.
Content descriptions
| General Note: | "A Godine storyteller"--T.p. |
| Summary, etc.: | While on holiday in East Anglia, four children, ... Read More |
Search for related items by subject
| Subject: | Sailing > Juvenile fiction. Sea stories. Sailing > Fiction. Sea stories. |
Search for related items by series
| LDR | 01275cam a22003253 4500 | ||
|---|---|---|---|
| 001 | 174304 | ||
| 003 | LARL_NWRL_CONSORTIUM | ||
| 005 | 20150109172800.0 | ||
| 008 | 140714s2014 xx 000 0 eng d | ||
| 020 | . | ‡a1567924875 | |
| 020 | . | ‡a9781567924879 | |
| 035 | . | ‡a(OCoLC)883650947 | |
| 040 | . | ‡aYDXCP ‡beng ‡cYDXCP ‡dBTCTA ‡dOCLCQ ‡dNRG | |
| 049 | . | ‡aNRGJ | |
| 100 | 1 | . | ‡aRansome, Arthur. |
| 245 | 1 | 0. | ‡aWe didn't mean to go to sea ‡n#7 / ‡cArthur Ransome ; ill. by the author. |
| 260 | . | ‡a[Place of publication not identified] : ‡bDavid R Godine, ‡c2014. | |
| 336 | . | ‡atext ‡btxt ‡2rdacontent | |
| 337 | . | ‡aunmediated ‡bn ‡2rdamedia | |
| 490 | 0 | . | ‡aSwallows & Amazons ; ‡vbk. 7 |
| 500 | . | ‡a"A Godine storyteller"--T.p. | |
| 520 | . | ‡aWhile on holiday in East Anglia, four children, whose previouis sailing experience is limited to dinghies, accidentally drift out to the North Sea after the rising tide causes their cutter to drag anchor. | |
| 650 | 0. | ‡aSailing ‡vJuvenile fiction. | |
| 650 | 0. | ‡aSea stories. ‡0(LARL_NWRL_CONSORTIUM)30505 | |
| 650 | 1. | ‡aSailing ‡vFiction. ‡0(LARL_NWRL_CONSORTIUM)167309 | |
| 650 | 1. | ‡aSea stories. ‡0(LARL_NWRL_CONSORTIUM)30505 | |
| 994 | . | ‡aC0 ‡bNRG | |
| 901 | . | ‡a174304 ‡bOCLC ‡c174304 ‡tbiblio | |

Add to basket
Permalink
Enable Highlighting